[Event "CRO-ch U17"]
[Site "Split"]
[Date "2024.07.22"]
[Round "1"]
[White "Jukic, Marko"]
[Black "Franc, Borna"]
[Result "0-1"]
[WhiteElo "1717"]
[BlackElo "2307"]
[PlyCount "92"]
[EventDate "2024.07.22"]
[EventType "swiss"]
[EventRounds "9"]
[EventCountry "CRO"]
[SourceTitle "CBM 221 Extra"]
[Source "ChessBase"]
[SourceDate "2024.09.30"]
[SourceVersion "1"]
[SourceVersionDate "2024.09.30"]
[SourceQuality "1"]

1. d4 Nf6 2. c4 e6 3. Nf3 d5 4. e3 Be7 5. Bd3 0-0 6. 0-0 c5 7. Nc3 cxd4 8. exd4 dxc4 9. Bxc4 Nbd7 10. Bf4 Nb6 11. Bb3 Nfd5 12. Bg3 a5 13. a3 f5 14. Nxd5 Nxd5 15. Bxd5 Qxd5 16. Qd2 b6 17. Rfe1 Bf6 18. Qe3 Re8 19. Be5 Bd8 20. Rac1 Bb7 21. Bc7 Re7 22. Bxd8 Rxd8 23. Qg5 Rde8 24. Re5 Qb3 25. Qd2 Bxf3 26. Re3 Qd5 27. Rxf3 Rd7 28. h3 g6 29. Qf4 Red8 30. Qe3 Rd6 31. Re1 Rc8 32. Qe5 Qxe5 33. dxe5 Rd5 34. Rb3 b5 35. Re2 Rc4 36. g3 g5 37. Rbe3 Kf7 38. f3 Kg6 39. g4 h5 40. gxh5+ Kxh5 41. Kg2 Kg6 42. b3 Rcc5 43. Kf2 f4 44. Re4 Rc3 45. Rb2 Rdd3 46. a4 Rxf3+ 0-1